اكتمل التصدير — 

Masterpieces of fifty centuries : [exhibition] /

محفوظ في:

مؤلف مشترك: Metropolitan Museum of Art (New York, N.Y.)

مؤلفون آخرون: Clark, Kenneth, 1903-1983.

التنسيق: كتاب

اللغة: English

الطبعة: first edtion.

الموضوعات:

الوسوم: إضافة وسم

لا توجد وسوم, كن أول من يضع وسما على هذه التسجيلة!

رقم الطلب: N5020 .N7 A46 1970

LEADER 00915namaa2200265 4500
001 21624
003 OSt
005 20210913125238.0
008 130303s1970 nyua g c 000 0 eng d
952 |0 0  |1 0  |2 lcc  |4 0  |6 N5020 N7 A46 01970  |7 1  |9 18729  |a ARCE  |b ARCE  |d 2021-09-13  |l 0  |o N5020 .N7 A46 1970  |p 1003831  |r 2021-09-13 00:00:00  |w 2021-09-13  |y BK 
999 |c 21854  |d 21854 
010 |a 76122794 
020 |a 0525039503 
040 |c ARCE Library 
050 0 4 |a N5020 .N7 A46 1970 
110 2 |a Metropolitan Museum of Art (New York, N.Y.), 
245 1 0 |a Masterpieces of fifty centuries :  |b [exhibition] /  |c Introd. by Kenneth Clark. 
250 |a first edtion. 
264 1 |a New York :  |b Dutton,  |c 1970. 
300 |a 332, [4] pages :  |b illustrations (part color) ;  |c 26 cm. 
504 |a Bibliography : pages [333]-[336]. 
650 0 |a Art  |v Exhibitions. 
700 1 |a Clark, Kenneth,  |d 1903-1983. 
901 |a reviewed 
942 |c BK  |2 lcc